Word Biblical commentary : (Record no. 5182)
[ view plain ]
| 000 -LEADER | |
|---|---|
| fixed length control field | 01146nam a22002897a 4500 |
| 003 - CONTROL NUMBER IDENTIFIER | |
| control field | AUA.1 |
| 005 - DATE AND TIME OF LATEST TRANSACTION | |
| control field | 20150407120445.0 |
| 008 - FIXED-LENGTH DATA ELEMENTS--GENERAL INFORMATION | |
| fixed length control field | 111220t xxu||||| |||| 00| 0 eng d |
| 010 ## - LIBRARY OF CONGRESS CONTROL NUMBER | |
| LC control number | 8171768 |
| 020 ## - INTERNATIONAL STANDARD BOOK NUMBER | |
| International Standard Book Number | 0785247734X |
| 040 ## - CATALOGING SOURCE | |
| Transcribing agency | FF |
| 050 ## - LIBRARY OF CONGRESS CALL NUMBER | |
| Classification number | BS 491.2 |
| Item number | .W67 2002 |
| 100 ## - MAIN ENTRY--PERSONAL NAME | |
| Personal name | Allen, Leslie C. |
| 9 (RLIN) | 17982 |
| 245 ## - TITLE STATEMENT | |
| Title | Word Biblical commentary : |
| Remainder of title | Psalms 101-150, |
| Statement of responsibility, etc | Leslie C. Allen. |
| 250 ## - EDITION STATEMENT | |
| Edition statement | revised edition |
| 260 ## - PUBLICATION, DISTRIBUTION, ETC. (IMPRINT) | |
| Place of publication, distribution, etc | Nashville : |
| Name of publisher, distributor, etc | Thomas Nelson, |
| Date of publication, distribution, etc | c2002. |
| 300 ## - PHYSICAL DESCRIPTION | |
| Extent | xxiv, 423 p. : |
| Dimensions | 24 cm. |
| 440 ## - SERIES STATEMENT/ADDED ENTRY--TITLE | |
| Title | Word Biblical commentary: |
| Number of part/section of a work | v.21 |
| 9 (RLIN) | 48952 |
| 504 ## - BIBLIOGRAPHY, ETC. NOTE | |
| Bibliography, etc | Include bibliographies and index. |
| 650 ## - SUBJECT ADDED ENTRY--TOPICAL TERM | |
| Form subdivision | Psalms 101-150, revised |
| General subdivision | Bible |
| Chronological subdivision | Commentaries |
| 9 (RLIN) | 17983 |
| 700 ## - ADDED ENTRY--PERSONAL NAME | |
| Personal name | Hubbard, David A. |
| 9 (RLIN) | 17984 |
| Relator code | General ed. |
| 700 ## - ADDED ENTRY--PERSONAL NAME | |
| Personal name | Barker, Glenn W. |
| Relator code | General ed. |
| 9 (RLIN) | 48953 |
| 700 ## - ADDED ENTRY--PERSONAL NAME | |
| Personal name | Watts, John D.W. |
| Relator code | Old Testament ed. |
| 9 (RLIN) | 48954 |
| 700 ## - ADDED ENTRY--PERSONAL NAME | |
| Personal name | Martin, Ralph P. |
| Relator code | New Testament ed. |
| 9 (RLIN) | 48955 |
| 942 ## - ADDED ENTRY ELEMENTS (KOHA) | |
| Source of classification or shelving scheme | Library of Congress Classification |
| Koha item type | Reference Book |
| Classification part | BS 491.2 |
| Item part | .W67 2002 |
| Withdrawn status | Lost status | Source of classification or shelving scheme | Damaged status | Not for loan | Collection code | Home library | Current library | Shelving location | Date acquired | Source of acquisition | Cost, normal purchase price | Serial Enumeration / chronology | Total Checkouts | Full call number | Barcode | Date last seen | Copy number | Cost, replacement price | Price effective from | Koha item type |
|---|---|---|---|---|---|---|---|---|---|---|---|---|---|---|---|---|---|---|---|---|
| Library of Congress Classification | Reference Shelves | Judith Thomas Library | Judith Thomas Library | Reference Books | 20/12/2011 | Donation, Biblical Research Institute | 25.00 | AUA006002 | BS 491.2 .W67 2002 | AUA006002 | 20/12/2011 | v.21 | 25.00 | 20/12/2011 | Reference Book |